| 000 | 01311nam0a22003251 4500 | ||
|---|---|---|---|
| 001 | v19\rc\1851818 | ||
| 005 | 20260406104527.0 | ||
| 035 | _a(NLR Aleph) 004986473 | ||
| 090 |
_a6239836 _c6239836 |
||
| 100 | _a20080221d1910 u y0rusy50 ca | ||
| 101 | 0 | _arus | |
| 102 | _aRU | ||
| 105 | _ay z |||f| | ||
| 200 | 1 |
_aЯ вдовушка _e[рассказ _fБар-ков] |
|
| 210 |
_aМосква _cтипография под фирмою "Ломоносов" _d1910 |
||
| 215 |
_a32 с. _d14 |
||
| 300 | _aПсевдоним автора указан на обложке; установлен по изданию: Указатель заглавий произведений художественной литературы, 1801-1975. - Москва, 1991. - Т. 6, с. 346 | ||
| 311 | _aИздавалось также под заглавием: Вдовушка | ||
| 451 | 0 |
_12001#$aВдовушка _tВдовушка |
|
| 700 | 1 |
_8rus _7ca _aЗотов _bМ. _cписатель _gМихаил _3RU\NLR\AUTH\7796255 _979181 |
|
| 790 | 1 | _aБарков | |
| 801 | 0 |
_aRU _bNLR _gpsbo |
|
| 801 | 0 |
_aRU _bRuMoRGB _2psbo |
|
| 801 | 1 |
_aRU _bProSoft-M _2rusmarc |
|
| 801 | 2 |
_aRU _bNLR _c20130122 _2rusmarc |
|
| 852 |
_aNLR _j34.48.8.489 |
||
| 899 |
_aRuMoRGB _jW 303/236 |
||
| 899 | _aБАН | ||
| 942 | _cBOOK | ||
| 980 | _aNB | ||